000 01557cam a2200445 a 4500
001 sjds1117517
003 sjds
005 20191031123644.0
008 120429t20122012nyua j 000 1 spa d
020 _a9780142425824 (pbk.)
020 _a0142425826 (pbk.)
035 _a500734
035 _a(OCoLC)792880237
035 _a500734
040 _aBTCTA
_beng
_cBTCTA
_dBDX
_dYDXCP
_dIFA
_dUtOrBLW
041 _aspa
_heng
049 _aIFAA
099 _aESPANOL PICTURE BOOKS SOMAN 2012
100 1 _aSoman, David,
_eauthor.
240 1 0 _aLadybug Girl and the Bug Squad.
_lSpanish
245 1 0 _aSuper Catarina y los Super Insectos /
_cpor David Soman y Jacky Davis.
260 _aNew York :
_bPuffin,
_cc2012
264 1 _aNew York :
_bPuffin,
_c[2012]
264 4 _cc2012
300 _a1 volume (unpaged) :
_bcolor illustrations ;
_c21 x 24 cm.
336 _atext
_btxt
_2rdacontent
337 _aunmediated
_bn
_2rdamedia
338 _avolume
_bnc
_2rdacarrier
490 1 _aLadybug Girl
520 _aWhen Lulu invites her friends from the Super Insectos--all dressed up as insects--to come over for a play date, she wants everything to go just as she has planned.
521 1 _aEdades 3 y más.
650 0 _aPlay
_vJuvenile fiction.
650 0 _aCooperativeness
_vJuvenile fiction.
650 7 _aJuegos infantiles
_vNovela juvenil.
_2bidex
650 7 _aCooperación
_vNovela juvenil.
_2local
700 1 _aDavis, Jacky,
_d1966-
800 1 _aSoman, David.
_tLadybug Girl (Series)
902 _aBackstage 2015
942 _cBK
_2ddc
999 _c23376
_d23376